General Knowledge Quiz #57 - Statistics

General Stats
  • This quiz has been taken 177,409 times
    122,120 since last reset
  • The average score is 12 of 20
Answer Stats
Question Answer % Correct
What ancient nation was led by pharaohs? Egypt
99%
Which element has the chemical symbol Fe? Iron
92%
What is the name for a six-sided polygon? Hexagon
86%
What is the square root of 625? 25
80%
What type of bird is considered a national symbol of New Zealand? Kiwi
80%
What is deer meat called? Venison
69%
In what country would you be most likely to say "Kanpai" before taking a drink? Japan
65%
What is frozen carbon dioxide called? Dry ice
61%
What is Aspartame? An artificial {sweetener}
58%
What Korean martial art translates as "the way of the hand and foot”? Taekwondo
56%
In what activity can you be named Mr. Olympia? Bodybuilding
55%
What 1994 movie with Jim Carrey was also Cameron Diaz's first major role? The Mask
53%
What small, former Soviet republic borders only Ukraine and Romania? Moldova
50%
Who was shot nine times in 2000, but survived and went on to become a famous rapper? 50 Cent
49%
According to Dante, what is the worst of the seven deadly sins? Pride
44%
What actor frequently performed alongside his dancing partner Ginger Rogers? Fred Astaire
37%
Some people insult the city of Cleveland by calling it "The Mistake on the Lake". On what lake is Cleveland located? Lake Erie
37%
What does the green represent on the flag of Saudi Arabia? Islam
33%
What blockbuster movie series was directed by the Wachowskis? The Matrix
33%
What country's largest city is Dar es Salaam? Tanzania
28%
No matching quizzes found
Score Distribution
Percent of People with Each Score
Percentile by Number Answered
Your Score History
You have not taken this quiz since the last reset